000 00327nam a22001457a 4500
008 221006b ||||| |||| 00| 0 eng d
020 _a9781496338419
041 _aeng
080 _215th edition
_a610.73
082 _a610.73 JUA
100 _a6
101 _aINF
245 _aNURSING DIAGNOSIS
_cJUALL L
942 _2udc
_cBK
999 _c58367
_d58367